OPAC | Catalogo Arcigay delle biblioteche LGBTQIA+

Il Catalogo di Arcigay delle Biblioteche LGBTQIA+ è un servizio fornito grazie alla collaborazione tra Arcigay nazionale e le associazioni locali aderenti al progetto che conservano e rendono pubbliche biblioteche a tema LGBTQIA+.

Noi siamo infinito / (Record no. 16584)

MARC details
000 -LEADER
campo di controllo lung. fissa 01038nam a22002657i 4500
001 - Numero di controllo
campo di controllo IT\ICCU\RMB\0781927
003 - Identificatore del numero di controllo
campo di controllo ItRI
005 - Data e orario dell'ultima transazione
campo di controllo 20260115232051.0
008 - Elementi di lunghezza fissa--Informazione generale
campo di controllo lung. fissa 130129s2013 it |||||| ||||| |||||c
020 ## - ISBN (International Standard Book Number)
ISBN (International Standard Book Number) 9788820053222
040 ## - Fonte della catalogazione
Lingua della catalogazione ita
Agenzia che fa la trascrizione importazione bologna sebina
041 #7 - Codice di lingua
Codice di lingua del testo/traccia sonora o titolo separato ita
Fonte del codice ISO-639-2
082 ## - Numero di classificazione Decimale Dewey
Numero di classificazione 813.5
-- NARRATIVA AMERICANA IN LINGUA INGLESE, 1900-1999
Numero dell'edizione 21
100 1# - Accesso principale -- nome di persona
Nome di persona Chbosky, Stephen
Numero del record di authority o numero standard IT\ICCU\UBOV\023208
Relazione: aut
240 14 - Titolo uniforme
Titolo uniforme The perks of being a wallflower.
-- IT\ICCU\UBO\2942869
9 (RLIN) Chbosky, Stephen
245 10 - Formulazione del titolo
Titolo Noi siamo infinito /
Formulazione di responsabilità, ecc. Stephen Chbosky ; traduzione di Chiara Brovelli.
246 13 - Varianti del titolo
Titolo proprio/titolo breve Ragazzo da parete
-- IT\ICCU\ANA\0485659
260 ## - Pubblicazione, distribuzione, ecc. (stampa)
Luogo di pubblicazione, distribuzione, ecc. [Milano] :
Nome dell'editore, distributore, ecc. Sperling & Kupfer,
Data di pubblicazione, distribuzione, ecc. 2013
300 ## - Descrizione fisica
Estensione 271 p. ;
Dimensioni 21 cm
500 ## - Nota generale
Nota generale Già pubblicato da Frassinelli con il titolo: Ragazzo da parete.
500 ## - Nota generale
Nota generale Precedentemente pubblicato con questo tit.
-- IT\ICCU\ANA\0485659
700 1# - Accesso aggiunto--nome di persona
Nome di persona Brovelli, Chiara
Numero del record di authority o numero standard IT\ICCU\MILV\214449
Relazione: trl
830 #0 - Accesso aggiunto di serie--titolo uniforme
Titolo uniforme Pandora
Numero del record di authority o numero standard IT\ICCU\CFI\0000150
942 ## - Dati aggiuntivi (Koha)
Fonte della classificazione o dello schema di collocazione (segnatura) Classificazione decimale Dewey
Tipo copia default (Koha) Libri
Nasconto in Opac No
Holdings
Status ritirato Status smarrito: Status danneggiato: Escluso dal prestito Biblioteca di appartenenza Biblioteca corrente Data di acquisti Numero d'inventario Totale prestiti Collocazione Codice a barre Data ultima revisione Prezzo effettivo da Tipo copia default (Koha) Nota pubblica
        BOLOGNA | Centro di Documentazione "Flavia Madaschi" Cassero LGBTQIA+ Center BOLOGNA | Centro di Documentazione "Flavia Madaschi" Cassero LGBTQIA+ Center 15/01/2026 17311   R 813.6 CHB BO17311 15/01/2026 15/01/2026 Libri 1 v.
Se cerchi informazioni su Arcigay, le puoi trovare nel nostro sito: www.arcigay.it